|
|
|
|
| LEADER |
00853nab a2200253 i 4500 |
| 001 |
misc64378 |
| 005 |
20230630134156.0 |
| 008 |
230531s1948 hu o 0|| rus d |
| 022 |
|
|
|a 0134-4307
|
| 040 |
|
|
|a SZTE Miscellanea Repozitórium
|b hun
|
| 041 |
|
|
|a rus
|
| 041 |
|
|
|a uzb
|
| 100 |
1 |
|
|a Rešetov Viktor Vasil'evič
|
| 245 |
1 |
0 |
|a O kategorii nastoâŝego vremeni v uzbekskom âzyke
|h [elektronikus dokumentum] /
|c Rešetov Viktor Vasil'evič
|
| 260 |
|
|
|a [Akademiâ nauk UzSSR]
|b [Taškent]
|c 1948
|
| 300 |
|
|
|a 31-37
|c 24 cm
|
| 300 |
|
|
|a [7] p.
|c 24 cm
|
| 490 |
0 |
|
|a Doklady Akademii nauk UzSSR
|
| 561 |
|
|
|a Németh Gyula hagyaték
|
| 591 |
|
|
|a NOA 4851
|
| 650 |
|
4 |
|a Bölcsészettudományok
|
| 650 |
|
4 |
|a Nyelvek és irodalom
|
| 695 |
|
|
|a Özbeg nyelv - ige
|
| 856 |
4 |
0 |
|u http://misc.bibl.u-szeged.hu/64378/1/4851_noa.pdf
|z Dokumentum-elérés
|